La Lluita per la utopia : Joan N. García-Nieto París : materials per a l'estudi dels moviments socials al Baix Llobregat, a través del llegat intel·lectual de Joan N. García-Nieto Joan N. García-Nieto París :
Publicado:
[s.l.] :
Fundació Utopia - Joan N. García - Nieto, Estudis Socials del Baix Llobregat ,
2005
Descripción Física:
95 p. ; 21 cm
Colección:
Guies d'estudi del Baix Llobregat ; 3
MARC
| LEADER | 00000nam a2200000Ia 4500 | ||
|---|---|---|---|
| 001 | 17400 | ||
| 008 | 160829s2005 xx 000 0 cat d | ||
| 080 | |a M-5-191 | ||
| 245 | |a La Lluita per la utopia : |b Joan N. García-Nieto París : |b materials per a l'estudi dels moviments socials al Baix Llobregat, a través del llegat intel·lectual de Joan N. García-Nieto | ||
| 260 | |a [s.l.] : |b Fundació Utopia - Joan N. García - Nieto, Estudis Socials del Baix Llobregat, |c 2005 | ||
| 300 | |a 95 p. ; |c 21 cm | ||
| 490 | |a Guies d'estudi del Baix Llobregat ; 3 | ||
| 590 | |a Bibliografia. | ||
| 590 | |a Cronologia biogràfica | ||
| 600 | 0 | |a García-Nieto, Joan N. |q (Joan Nepomucè), |d 1929-1994 |9 27804 | |
| 650 | |a Moviments socials |x Baix Llobregat |x Història |x S. XX |9 39348 | ||
| 901 | |a Arxiu | ||
| 942 | |n 1 | ||
| 952 | |0 0 |1 0 |4 0 |6 M5191 |7 1 |9 45172 |a Arxiu |b Arxiu |d 2016-12-01 |l 0 |o M-5-191 |p 17400 |r 2016-12-01 00:00:00 |w 2016-12-01 |y ARXIU | ||
| 999 | |c 48243 |d 48243 | ||